|
|
|
|
| LEADER |
00000nbm0a2200000 4500 |
| 001 |
30853 |
| 005 |
20231030204148.0 |
| 035 |
|
|
|a (RuTPU)RU\TPU\book\31128
|
| 035 |
|
|
|a BOOK00031205
|
| 090 |
|
|
|a 30853
|
| 100 |
|
|
|a 20011209d2001 k y0rusy50 ca
|
| 101 |
0 |
|
|a rus
|
| 102 |
|
|
|a RU
|
| 105 |
|
|
|a y m 001zy
|
| 200 |
1 |
|
|a Барьерная электрическая изоляция в высоковольтных изоляционных конструкциях
|e диссертация на соискание ученой степени кандидата технических наук
|f В. И. Чичикин
|g Томский политехнический университет
|
| 210 |
|
|
|a Томск
|d 2001
|
| 215 |
|
|
|a 161 л.
|
| 320 |
|
|
|a Библиогр.: с. 135-144.
|
| 610 |
1 |
|
|a электротехника
|
| 610 |
1 |
|
|a электрическая изоляция
|
| 610 |
1 |
|
|a высоковольтные конструкции
|
| 610 |
1 |
|
|a барьерный эффект
|
| 610 |
1 |
|
|a диэлектрики
|
| 610 |
1 |
|
|a электрические поля
|
| 610 |
1 |
|
|a диссертации
|
| 675 |
|
|
|a 621.315.61(04)
|v 3
|
| 700 |
|
1 |
|a Чичикин
|b В. И.
|g Валерий Иосифович
|
| 712 |
0 |
2 |
|a Томский политехнический университет
|2 stltpush
|3 (RuTPU)RU\TPU\col\376
|
| 801 |
|
0 |
|a RU
|b 63413507
|c 20011209
|g PSBO
|
| 801 |
|
2 |
|a RU
|b 63413507
|c 20030118
|g PSBO
|
| 942 |
|
|
|c BK
|